| 000 | 00610nam a2200193 a 4500 | ||
|---|---|---|---|
| 001 | BRCA_3814 | ||
| 005 | 20190320204432.0 | ||
| 008 | 271109s2006----it-a######---#000-0#fre-# | ||
| 020 | _a2901422853 | ||
| 041 | _afre | ||
| 044 | _aita | ||
| 050 | 4 |
_aN576.F7 _b.G85 2006 |
|
| 245 | 1 | 0 | _aGuide du Musée des Arts Décoratifs. |
| 260 |
_aItalia _bLes Arts Décoratifs _c2006 |
||
| 300 |
_a224 p. _bil. a color _c25 cm. _bMusée des Arts Décoratifs (París) _vGuías _xColecciones de arte |
||
| 650 | 1 | 4 |
_aMuseo de artes decorativas _vGuías _zFrancia _99940 |
| 650 | 1 | 4 |
_aMuseos de arte _zFrancia _99941 |
| 942 |
_2lcc _cB |
||
| 999 |
_c3543 _d3543 |
||